| 000 | 00626nam a2200241Ia 4500 | ||
|---|---|---|---|
| 003 | OSt | ||
| 005 | 20220928103754.0 | ||
| 006 | a|||||r|||| 00| 0 | ||
| 007 | ta | ||
| 008 | 220927b |||||||| |||| 00| 0 eng d | ||
| 024 | _a46246 | ||
| 037 | _cTextual | ||
| 040 |
_aSDCL _cSDCL _beng |
||
| 041 |
_2eng _aeng |
||
| 082 | _aO-,3L75,5, N2 | ||
| 100 |
_aAusten Jane _9406963 |
||
| 245 | 0 | _aNorthanger abbey. | |
| 260 |
_aLondon _bDavid Campbell Publishers _c1992 |
||
| 300 |
_a241p. _ccm. |
||
| 490 | _aMillennum Library. | ||
| 942 |
_hO-,3L75,5, N2 _cTEXL _2CC |
||
| 999 |
_c722493 _d722493 |
||